[Event "Baku Open"]
[Site "Baku AZE"]
[Date "2013.09.21"]
[EventDate "2013.09.19"]
[Round "3.14"]
[Result "1-0"]
[White "Eltaj Safarli"]
[Black "Misratdin Iskandarov"]
[WhiteElo "2660"]
[BlackElo "2406"]
[PlyCount "149"]

1. e4 g6 2. d4 Bg7 3. Nc3 c6 4. Bc4 b5 5. Bb3 d5 6. exd5 b4
7. Nce2 cxd5 8. a3 bxa3 9. Rxa3 Nf6 10. Nf3 O-O 11. O-O Nc6
12. Ne5 Bb7 13. Nd3 Na5 14. Nc5 Bc6 15. Ba4 Qc8 16. b3 Nb7
17. Bxc6 Qxc6 18. b4 Nd6 19. Ra6 Qc8 20. c3 Nd7 21. Qa4 Nb6
22. Qa2 Nb5 23. Bf4 Qf5 24. Be3 Nc4 25. Qb1 Qg4 26. Qd3 Rad8
27. h3 Qc8 28. Bf4 Rfe8 29. Rfa1 e6 30. Bg3 Bf8 31. h4 Bd6
32. h5 Bxg3 33. Qxg3 Rd6 34. Nf4 Qd8 35. hxg6 hxg6 36. Nxg6
fxg6 37. Qxg6+ Kf8 38. Rxd6 Qxd6 39. Ra6 Nb6 40. Qh6+ Kg8
41. Qg6+ Kf8 42. Qd3 Nc7 43. Rxa7 Ra8 44. Rxa8+ Nbxa8 45. Qh7
Qf4 46. g3 Qf5 47. Qh8+ Ke7 48. Qc8 Qf7 49. Qd7+ Kf8 50. Qd8+
Kg7 51. Nd7 Qf5 52. Qe7+ Qf7 53. Qg5+ Qg6 54. Qe5+ Kg8 55. b5
Kf7 56. Qh8 Ke7 57. Ne5 Qb1+ 58. Kg2 Qxb5 59. g4 Qe8 60. Qh7+
Kd6 61. g5 Qe7 62. Nf7+ Kd7 63. g6 Ne8 64. g7 Nxg7 65. Qxg7
Kc8 66. Qg8+ Kb7 67. Nd8+ Ka6 68. Nc6 Qb7 69. Qxe6 Nb6
70. Qe2+ Nc4 71. Ne5 Qg7+ 72. Kf1 Qh6 73. Qa2+ Kb5 74. Qb3+
Ka6 75. Nxc4 1-0

[Event "Baku Open"]
[Site "Baku AZE"]
[Date "2013.09.20"]
[EventDate "2013.09.19"]
[Round "2.14"]
[Result "1/2-1/2"]
[White "Ebrahim Ahmadinia"]
[Black "Eltaj Safarli"]
[WhiteElo "2381"]
[BlackElo "2660"]
[PlyCount "73"]

1. c4 Nf6 2. g3 g6 3. Bg2 c5 4. Nc3 Bg7 5. Nf3 O-O 6. O-O Nc6
7. d4 cxd4 8. Nxd4 Qa5 9. Nb3 Qh5 10. h3 d6 11. e4 Qxd1
12. Rxd1 Be6 13. Nd5 Rfc8 14. c5 dxc5 15. Nxc5 Bxd5 16. exd5
Na5 17. Be3 Ne8 18. Rab1 Nd6 19. b3 Nf5 20. Rdc1 Nxe3 21. fxe3
Be5 22. Kf2 Bd6 23. b4 b6 24. bxa5 bxc5 25. Bf1 Rab8 26. Rb3
Kg7 27. a6 Rxb3 28. axb3 Rf8 29. Ra1 Rb8 30. Bc4 Bc7 31. Kg2
f5 32. Rf1 h5 33. e4 fxe4 34. Re1 Rf8 35. Rxe4 Bd6 36. Re2 Rf5
37. h4 1/2-1/2

[Event "Bronstein Memorial"]
[Site "Minsk BLR"]
[Date "2014.02.11"]
[EventDate "2014.02.11"]
[Round "1.10"]
[Result "1-0"]
[White "Eltaj Safarli"]
[Black "Andrei Obodchuk"]
[WhiteElo "2649"]
[BlackElo "2401"]
[PlyCount "51"]

1. e4 c5 2. Nf3 e6 3. Nc3 a6 4. g3 Nc6 5. Bg2 d6 6. O-O Nf6
7. d3 Be7 8. Ng5 h6 9. Nh3 e5 10. Nd5 Nxd5 11. exd5 Nd4 12. c3
Nf5 13. f4 Bf6 14. Nf2 h5 15. Ne4 Be7 16. fxe5 dxe5 17. Qf3
Qb6 18. Be3 Nxe3 19. Qxf7+ Kd8 20. d6 Bxd6 21. Qxg7 Qxb2
22. Qf6+ Be7 23. Qxh8+ Kc7 24. Qxe5+ Kd8 25. Nf2 Nxf1 26. Re1
1-0

[Event "Bronstein Memorial"]
[Site "Minsk BLR"]
[Date "2014.02.12"]
[EventDate "2014.02.11"]
[Round "2.8"]
[Result "0-1"]
[White "Nijat Abasov"]
[Black "Eltaj Safarli"]
[WhiteElo "2517"]
[BlackElo "2649"]
[PlyCount "132"]

1. c4 e5 2. g3 Nf6 3. Bg2 d5 4. cxd5 Nxd5 5. Nc3 Nb6 6. Nf3
Nc6 7. O-O Be7 8. b3 O-O 9. Bb2 Be6 10. Rc1 Qd7 11. Ne4 Bh3
12. Bxh3 Qxh3 13. Nc5 Bxc5 14. Rxc5 f6 15. b4 Qe6 16. b5 Nd8
17. Qb1 Qd7 18. Ba3 Ne6 19. Rc3 Rfd8 20. Rfc1 Kh8 21. Rd3 Qe8
22. Rxd8 Rxd8 23. Qb4 Rd5 24. Rb1 h6 25. d3 Nd4 26. Nxd4 exd4
27. Bc1 Kh7 28. Rb2 Qd7 29. e4 dxe3 30. Bxe3 Rxd3 31. Rd2 Rxd2
32. Bxd2 Qd3 33. h4 Nd5 34. Qb2 c5 35. bxc6 bxc6 36. Bb4 Nb6
37. Bc5 Nc4 38. Qb7 Qd1+ 39. Kh2 Ne5 40. Bxa7 Qf1 41. g4 Nxg4+
42. Kg3 Ne5 43. Qc8 Qd3+ 44. Kh2 Nf3+ 45. Kg3 Nxh4+ 46. Be3
Nf5+ 47. Kf4 Nxe3 48. fxe3 Qc4+ 49. e4 Qxa2 50. Qf5+ Kh8
51. Qc8+ Qg8 52. Qxc6 Qb8+ 53. Kf5 Kh7 54. Ke6 Kg6 55. Ke7
Qa7+ 56. Ke8 h5 57. Qd5 Qb8+ 58. Ke7 Qe5+ 59. Kf8 Kh6 60. Qd7
Qb8+ 61. Kf7 Qg3 62. Kg8 h4 63. Qf5 Qg6 64. Qf4+ Qg5 65. Qf3
Qh5 66. Qf4+ g5 0-1

[Event "Bronstein Memorial"]
[Site "Minsk BLR"]
[Date "2014.02.13"]
[EventDate "2014.02.11"]
[Round "3.3"]
[Result "1-0"]
[White "Eltaj Safarli"]
[Black "Boris Savchenko"]
[WhiteElo "2649"]
[BlackElo "2556"]
[PlyCount "75"]

1. e4 e6 2. d4 d5 3. Nd2 c5 4. Ngf3 Nc6 5. exd5 exd5 6. Bb5
Bd6 7. dxc5 Bxc5 8. O-O Ne7 9. Nb3 Bb6 10. Re1 O-O 11. Be3 Bg4
12. h3 Bxe3 13. Rxe3 a6 14. Bxc6 Bxf3 15. Rxf3 bxc6 16. Qd4
Ng6 17. Re1 Qg5 18. Qe3 Qh4 19. Nd4 c5 20. Nf5 Qb4 21. Qc3 f6
22. Qxb4 cxb4 23. Rd3 Rfe8 24. Rxe8+ Rxe8 25. Rxd5 Ne7
26. Nxe7+ Rxe7 27. Kf1 Rc7 28. Rd2 Rc5 29. Ke2 Kf7 30. Kd1 Ke6
31. Rd4 a5 32. Kd2 h5 33. Kd3 Rf5 34. f3 g5 35. Kc4 h4 36. a3
bxa3 37. bxa3 Kf7 38. a4 1-0

[Event "Bronstein Memorial"]
[Site "Minsk BLR"]
[Date "2014.02.16"]
[EventDate "2014.02.11"]
[Round "6.8"]
[Result "1/2-1/2"]
[White "Daniil Lintchevski"]
[Black "Eltaj Safarli"]
[WhiteElo "2537"]
[BlackElo "2649"]
[PlyCount "24"]

1. Nf3 Nf6 2. c4 g6 3. Nc3 d5 4. cxd5 Nxd5 5. Qa4+ Nc6 6. Ne5
Qd6 7. Nxc6 Qxc6 8. Qxc6+ bxc6 9. g3 Bg7 10. Bg2 Be6 11. b3
O-O-O 12. Bb2 Nxc3 1/2-1/2

[Event "Bronstein Memorial"]
[Site "Minsk BLR"]
[Date "2014.02.17"]
[EventDate "2014.02.11"]
[Round "7.11"]
[Result "1-0"]
[White "Eltaj Safarli"]
[Black "Mikhail Mozharov"]
[WhiteElo "2649"]
[BlackElo "2564"]
[PlyCount "77"]

1. e4 c5 2. Nf3 d6 3. d4 cxd4 4. Nxd4 Nf6 5. Nc3 a6 6. Be3 Ng4
7. Bg5 h6 8. Bh4 g5 9. Bg3 Bg7 10. Qd2 Nc6 11. Nb3 Nge5
12. Nd5 b5 13. c3 Rb8 14. h4 g4 15. h5 Be6 16. Rd1 Qd7 17. Be2
f5 18. exf5 Bxf5 19. Ne3 Be6 20. Qc2 Qc8 21. Qe4 O-O 22. Nd4
Bd7 23. Nxc6 Bxc6 24. Nd5 Qb7 25. Bxe5 dxe5 26. Bxg4 Kh8
27. Be6 Bxd5 28. Bxd5 Qb6 29. Qe2 Qf6 30. Be4 Rbd8 31. O-O Qg5
32. Rxd8 Rxd8 33. Rd1 Rxd1+ 34. Qxd1 Bf6 35. g3 Qg8 36. Qd7
Kg7 37. Qg4+ Kh8 38. Qg6 Bg7 39. Qxa6 1-0

[Event "Bronstein Memorial"]
[Site "Minsk BLR"]
[Date "2014.02.18"]
[EventDate "2014.02.11"]
[Round "8.8"]
[Result "1/2-1/2"]
[White "Andrey Zhigalko"]
[Black "Eltaj Safarli"]
[WhiteElo "2607"]
[BlackElo "2649"]
[PlyCount "58"]

1. c4 Nf6 2. g3 e5 3. Bg2 d5 4. cxd5 Nxd5 5. Nc3 Nb6 6. d3 Be7
7. Nf3 Nc6 8. O-O O-O 9. a3 Be6 10. Be3 Nd5 11. Nxd5 Bxd5
12. Qa4 a6 13. Rfc1 Rb8 14. Rc3 b5 15. Qd1 Bf6 16. Rc5 Be7
17. Nxe5 Bxc5 18. Nxc6 Bxc6 19. Bxc5 Bxg2 20. Bxf8 Bh3 21. Bb4
c5 22. Be1 Qd5 23. e4 Qe6 24. Qe2 Rd8 25. Ba5 Rd7 26. Bc3 h6
27. Re1 Bg4 28. f3 Bh3 29. Rd1 f5 1/2-1/2

[Event "Nakhchivan Open"]
[Site "Nakhchivan AZE"]
[Date "2014.05.04"]
[EventDate "2014.05.04"]
[Round "1.4"]
[Result "1-0"]
[White "Eltaj Safarli"]
[Black "Gulnar Mammadova"]
[WhiteElo "2656"]
[BlackElo "2346"]
[PlyCount "69"]

1. e4 g6 2. d4 Bg7 3. Nc3 c6 4. Nf3 d6 5. Be3 Nf6 6. Qd2 O-O
7. h3 Nbd7 8. Bd3 e5 9. O-O Qe7 10. Rfe1 Rd8 11. Bh6 Nh5
12. Bxg7 Kxg7 13. Bf1 Qf6 14. Rad1 Re8 15. Re3 Nf8 16. g3 Bd7
17. a4 a5 18. Bg2 Rad8 19. Rd3 Qe7 20. Qe3 Nf6 21. R3d2 h6
22. b3 g5 23. dxe5 dxe5 24. Rd6 b5 25. axb5 cxb5 26. Rb6 a4
27. Rdd6 Be6 28. Rxd8 Rxd8 29. Rxb5 axb3 30. cxb3 Qd6 31. Nxe5
Bxb3 32. Nf3 Qa3 33. e5 Nd5 34. Nxd5 Qa1+ 35. Qe1 1-0

[Event "Nakhchivan Open"]
[Site "Nakhchivan AZE"]
[Date "2014.05.05"]
[EventDate "2014.05.04"]
[Round "2.3"]
[Result "1/2-1/2"]
[White "Natalia Zhukova"]
[Black "Eltaj Safarli"]
[WhiteElo "2459"]
[BlackElo "2656"]
[PlyCount "125"]

1. d4 Nf6 2. c4 e6 3. Nf3 d5 4. Nc3 Bb4 5. Bg5 Nbd7 6. cxd5
exd5 7. e3 c5 8. Bd3 Qa5 9. Qc2 c4 10. Bf5 O-O 11. O-O Re8
12. Nd2 g6 13. Bh3 Kg7 14. Rae1 Ne4 15. Ndxe4 dxe4 16. Bh4 Nb6
17. Bxc8 Raxc8 18. Rb1 Bxc3 19. bxc3 Rc7 20. Bg3 Rd7 21. Rb4
Qd5 22. Rfb1 Qc6 23. Rb5 Nd5 24. Rc5 Qe6 25. Qd2 b6 26. Rxc4
Nxe3 27. Rcb4 Nd5 28. R4b3 Rc8 29. Re1 h5 30. Qc2 Qc6 31. Rxe4
Nxc3 32. Re1 Nd5 33. Qd2 Re7 34. Rxe7 Qc1+ 35. Qe1 Nxe7
36. Rb1 Qxe1+ 37. Rxe1 Rc2 38. a3 Ra2 39. h3 Nf5 40. Be5+ f6
41. Bb8 Rxa3 42. d5 Kf7 43. Rc1 Rd3 44. Bxa7 b5 45. Rc5 b4
46. Rb5 b3 47. Rb7+ Ke8 48. Kf1 Rd1+ 49. Ke2 Ra1 50. Bc5 Ra5
51. Be3 Ra2+ 52. Kd3 Nxe3 53. Kxe3 Rb2 54. h4 Kd8 55. d6 g5
56. hxg5 fxg5 57. g3 g4 58. Rb5 Kd7 59. Rxh5 Kxd6 60. Rb5 Kc6
61. Rb8 Kc5 62. f3 gxf3 63. Kxf3 1/2-1/2

[Event "Nakhchivan Open"]
[Site "Nakhchivan AZE"]
[Date "2014.05.06"]
[EventDate "2014.05.04"]
[Round "3.6"]
[Result "1-0"]
[White "Eltaj Safarli"]
[Black "Vahap Sanal"]
[WhiteElo "2656"]
[BlackElo "2435"]
[PlyCount "61"]

1. e4 e5 2. Nc3 Nf6 3. g3 d5 4. exd5 Nxd5 5. Bg2 Nxc3 6. bxc3
Bd6 7. Nf3 O-O 8. O-O Bg4 9. h3 Bh5 10. g4 Bg6 11. d3 c6
12. Rb1 Qc7 13. Nh4 Nd7 14. Be3 Rfe8 15. Nxg6 hxg6 16. g5 Nf8
17. h4 Ne6 18. Be4 Nf4 19. Qf3 Rab8 20. c4 Ne6 21. h5 gxh5
22. g6 f6 23. Qxh5 b6 24. Bf5 Qd7 25. d4 exd4 26. Bxd4 Rbd8
27. Qh7+ Kf8 28. Rbe1 Bf4 29. Bxf6 gxf6 30. Qh8+ Ke7 31. Rxe6+
1-0

[Event "Nakhchivan Open"]
[Site "Nakhchivan AZE"]
[Date "2014.05.07"]
[EventDate "2014.05.04"]
[Round "4.4"]
[Result "1/2-1/2"]
[White "Boris Savchenko"]
[Black "Eltaj Safarli"]
[WhiteElo "2559"]
[BlackElo "2656"]
[PlyCount "80"]

1. d4 Nf6 2. Nf3 g6 3. Bf4 Bg7 4. h3 O-O 5. e3 c5 6. Nbd2 d6
7. Be2 Nc6 8. c3 cxd4 9. exd4 Nd5 10. Bg3 e5 11. O-O Re8
12. Nc4 Nf4 13. Re1 Nxe2+ 14. Qxe2 b5 15. Ne3 exd4 16. Nxd4
Nxd4 17. cxd4 Qb6 18. d5 Bd7 19. Qd2 f5 20. Nf1 a5 21. Rad1 b4
22. Bf4 b3 23. Be3 Qb4 24. axb3 Qxb3 25. Bd4 Qxd5 26. Rxe8+
Bxe8 27. Bxg7 Qxd2 28. Nxd2 Kxg7 29. Nc4 Bf7 30. Nxd6 Bb3
31. Rc1 Rb8 32. Rc7+ Kf6 33. Nb7 Bd5 34. Nxa5 Rxb2 35. Nc4
Rb1+ 36. Kh2 f4 37. f3 g5 38. Nd6 h5 39. Ne8+ Kg6 40. Rc2 Re1
1/2-1/2

[Event "Nakhchivan Open"]
[Site "Nakhchivan AZE"]
[Date "2014.05.08"]
[EventDate "2014.05.04"]
[Round "5.4"]
[Result "1-0"]
[White "Eltaj Safarli"]
[Black "Konstantine Shanava"]
[WhiteElo "2656"]
[BlackElo "2551"]
[PlyCount "133"]

1. e4 c5 2. Nf3 e6 3. d4 cxd4 4. Nxd4 Nc6 5. Nc3 a6 6. Nxc6
bxc6 7. Bd3 d5 8. O-O Nf6 9. Re1 Be7 10. e5 Nd7 11. Qg4 Kf8
12. Na4 h5 13. Qe2 Bb7 14. c4 d4 15. Bd2 c5 16. Be4 Qc7 17. b3
Rb8 18. Bxb7 Rxb7 19. Qe4 Rb8 20. Nb2 g6 21. Nd3 Kg7 22. Nf4
Qb7 23. Qe2 Ra8 24. Ba5 Nb8 25. Rad1 Nc6 26. Bd2 a5 27. Bc1 a4
28. Rd3 h4 29. Bd2 axb3 30. axb3 Ra2 31. Qf3 Qa8 32. Kf1 Na5
33. Bxa5 Qxf3 34. Rxf3 Rxa5 35. Rb1 Rb8 36. Ke2 Ra2+ 37. Kd1
g5 38. Nd3 g4 39. Rf4 Bg5 40. Rxg4 Rd2+ 41. Ke1 Rxd3 42. Rxg5+
Kf8 43. Rh5 Rbxb3 44. Rxb3 Rxb3 45. Rxh4 Rc3 46. Rh8+ Kg7
47. Rc8 Rxc4 48. Kd2 Kg6 49. h4 Kf5 50. Rc7 Kxe5 51. Rxf7 Ra4
52. h5 Ra2+ 53. Kd3 Kd5 54. Rd7+ Kc6 55. Rd8 Ra1 56. g4 Rd1+
57. Ke2 Rh1 58. Rh8 Kd5 59. g5 Ke5 60. g6 Kf6 61. Rh7 Rg1
62. f4 Kf5 63. Kf3 e5 64. Rf7+ Ke6 65. f5+ Kd6 66. g7 c4
67. Rf6+ 1-0

[Event "Nakhchivan Open"]
[Site "Nakhchivan AZE"]
[Date "2014.05.09"]
[EventDate "2014.05.04"]
[Round "6.1"]
[Result "1/2-1/2"]
[White "Gaioz Nigalidze"]
[Black "Eltaj Safarli"]
[WhiteElo "2536"]
[BlackElo "2656"]
[PlyCount "93"]

1. Nf3 d5 2. d4 Nf6 3. c4 e6 4. Nc3 Bb4 5. cxd5 exd5 6. Bg5
Nbd7 7. e3 c5 8. dxc5 Qa5 9. Bxf6 Nxf6 10. Rc1 Bxc3+ 11. bxc3
O-O 12. Qb3 Qxc5 13. Bd3 b6 14. O-O Bb7 15. Nd4 Ne4 16. Rfd1
Rfc8 17. Nb5 Nf6 18. a4 Ba6 19. c4 Bb7 20. Qb2 Qe7 21. Qa3
Qxa3 22. Nxa3 Bc6 23. Nb5 dxc4 24. Bxc4 Kf8 25. f3 Ke7 26. e4
Bxb5 27. Bxb5 Rxc1 28. Rxc1 a6 29. Be2 Kd6 30. Rd1+ Kc5
31. Kf2 b5 32. Rc1+ Kb6 33. Rb1 Ne8 34. axb5 a5 35. e5 Rc8
36. Ke3 Rc5 37. f4 Nc7 38. Kd4 Nxb5+ 39. Bxb5 Rxb5 40. Rxb5+
Kxb5 41. Kd5 Kb6 42. f5 a4 43. Kc4 Kc6 44. f6 gxf6 45. exf6
Kd6 46. Kb4 Ke5 47. Kxa4 1/2-1/2

[Event "Nakhchivan Open"]
[Site "Nakhchivan AZE"]
[Date "2014.05.10"]
[EventDate "2014.05.04"]
[Round "7.2"]
[Result "1/2-1/2"]
[White "Eltaj Safarli"]
[Black "Gadir Guseinov"]
[WhiteElo "2656"]
[BlackElo "2621"]
[PlyCount "23"]

1. d4 Nf6 2. Bg5 e6 3. Nd2 c5 4. e3 Nc6 5. c3 d5 6. Ngf3 h6
7. Bh4 g5 8. Bg3 Nh5 9. Bd3 Nxg3 10. hxg3 Bd7 11. Qe2 Qe7
12. dxc5 1/2-1/2

[Event "Nakhchivan Open"]
[Site "Nakhchivan AZE"]
[Date "2014.05.11"]
[EventDate "2014.05.04"]
[Round "8.1"]
[Result "1/2-1/2"]
[White "Rauf Mamedov"]
[Black "Eltaj Safarli"]
[WhiteElo "2660"]
[BlackElo "2656"]
[PlyCount "58"]

1. d4 Nf6 2. c4 e6 3. Nf3 d5 4. Nc3 dxc4 5. e4 Bb4 6. Bg5 c5
7. Bxc4 cxd4 8. Nxd4 Bxc3+ 9. bxc3 Qa5 10. Bb5+ Bd7 11. Bxf6
gxf6 12. Qb3 Bxb5 13. Nxb5 O-O 14. O-O Nc6 15. c4 Rad8
16. Qg3+ Kh8 17. Qh4 Kg7 18. Qg3+ Kh8 19. Qh4 Kg7 20. f4 Qd2
21. e5 fxe5 22. Qg5+ Kh8 23. Qf6+ Kg8 24. Qg5+ Kh8 25. Qf6+
Kg8 26. Rf3 Rd3 27. Nd6 Rxf3 28. Qg5+ Kh8 29. Qf6+ Kg8 1/2-1/2

[Event "Nakhchivan Open"]
[Site "Nakhchivan AZE"]
[Date "2014.05.12"]
[EventDate "2014.05.04"]
[Round "9.5"]
[Result "1-0"]
[White "Eltaj Safarli"]
[Black "Anton Korobov"]
[WhiteElo "2656"]
[BlackElo "2696"]
[PlyCount "79"]

1. e4 c5 2. Nf3 e6 3. d4 cxd4 4. Nxd4 a6 5. Nc3 b5 6. Bd3 Qb6
7. Nf3 Qc7 8. O-O Bb7 9. Re1 Bc5 10. Qd2 Ne7 11. b4 Bd6
12. Rb1 Nbc6 13. Bxb5 Ne5 14. Nd4 O-O 15. Bf1 Rac8 16. Rb3 f5
17. b5 Ng4 18. h3 Bh2+ 19. Kh1 Nxf2+ 20. Qxf2 Bg3 21. Qe3 Bxe1
22. Qxe1 fxe4 23. bxa6 Ba8 24. Ncb5 Qe5 25. Ba3 Qf6 26. Kg1 e5
27. Ne2 Rxc2 28. Rc3 Rxa2 29. Ng3 Kh8 30. Bc4 Rxa3 31. Rxa3 d5
32. Bf1 Nc6 33. Ra2 Qd8 34. Kh2 Qb6 35. Qc1 e3 36. Qa3 Rf6
37. Rb2 h5 38. Be2 g6 39. Nc3 Qd8 40. Nxd5 1-0

[Event "Baku Open"]
[Site "Baku AZE"]
[Date "2014.09.23"]
[EventDate "2014.09.22"]
[Round "2.14"]
[Result "1-0"]
[White "Eltaj Safarli"]
[Black "Aqil Pirverdiyev"]
[WhiteElo "2655"]
[BlackElo "2209"]
[PlyCount "93"]

1. e4 c5 2. Nf3 d6 3. d4 cxd4 4. Nxd4 Nf6 5. Nc3 e6 6. g3 Nc6
7. Bg2 Bd7 8. Ndb5 Qb8 9. Bg5 a6 10. Bxf6 axb5 11. Bg5 h6
12. Bf4 Ne5 13. O-O Be7 14. Re1 Bf6 15. Bf1 b4 16. Nb5 Ra6
17. Bd2 Rb6 18. Nd4 O-O 19. Be3 Qc7 20. b3 Nc6 21. a3 bxa3
22. Rxa3 Nxd4 23. Bxd4 Bxd4 24. Qxd4 Qc5 25. Qxc5 dxc5 26. Ra5
Rc8 27. Rd1 Be8 28. f4 Kf8 29. Kf2 Ke7 30. Ke3 f6 31. h4 Rd6
32. Rda1 Rc7 33. Bd3 b6 34. Ra8 e5 35. Rb8 Bf7 36. Raa8 exf4+
37. gxf4 g5 38. Rh8 gxh4 39. Rxh6 f5 40. Rxd6 Kxd6 41. e5+ Ke7
42. Bxf5 c4 43. b4 c3 44. Rh8 Rc4 45. Rxh4 Rxb4 46. Rh7 Kf8
47. e6 1-0

[Event "Baku Open"]
[Site "Baku AZE"]
[Date "2014.09.25"]
[EventDate "2014.09.22"]
[Round "4.17"]
[Result "1/2-1/2"]
[White "Eltaj Safarli"]
[Black "Saveliy Golubov"]
[WhiteElo "2655"]
[BlackElo "2347"]
[PlyCount "220"]

1. d4 e6 2. Nf3 d5 3. g3 Nf6 4. Bg2 Be7 5. O-O O-O 6. c4 dxc4
7. Qc2 a6 8. a4 Bd7 9. Nbd2 Bc6 10. Nxc4 Be4 11. Qd1 Nbd7
12. Bf4 Nd5 13. Ncd2 Bxf3 14. Bxf3 Nxf4 15. gxf4 Rb8 16. Nc4
c5 17. d5 exd5 18. Qxd5 Nf6 19. Qxd8 Rfxd8 20. Rfd1 b6 21. e3
g6 22. Kf1 Kf8 23. Ke2 b5 24. axb5 Rxd1 25. Rxd1 axb5 26. Ne5
Rc8 27. Bc6 b4 28. Bb7 Rc7 29. Ba6 Ne8 30. Nc4 Ra7 31. Bb5 Nc7
32. Bc6 Ra6 33. Bf3 Nb5 34. Ne5 f6 35. Nd7+ Ke8 36. Nb8 Rb6
37. Bc6+ Kf7 38. Bd5+ Ke8 39. Nc6 Nc7 40. Be4 Ra6 41. f5 g5
42. Nb8 Rd6 43. Ra1 c4 44. Ra7 Bd8 45. Rb7 c3 46. bxc3 bxc3
47. Bd3 h5 48. e4 h4 49. Rb3 Be7 50. Rxc3 Rb6 51. Nc6 Bd6
52. h3 Kd7 53. Na5 Rb2+ 54. Rc2 Rxc2+ 55. Bxc2 Ke7 56. Nc6+
Kf8 57. Bd3 Kg7 58. Kf3 Bc5 59. Bc4 Ne8 60. Nd8 Nc7 61. Nc6
Ne8 62. Bd5 Nc7 63. Nb8 Bd4 64. Nd7 Kh6 65. Bc4 Ne8 66. Kg4
Be5 67. Bf7 Nd6 68. Bd5 Bd4 69. f4 gxf4 70. Kxf4 Kh5 71. Bb3
Kh6 72. Nf8 Be5+ 73. Kf3 Kg5 74. Ne6+ Kh6 75. Nf8 Kg5 76. Bd5
Kh5 77. Ba2 Kh6 78. Bb3 Kg5 79. Ne6+ Kh6 80. Nc5 Kg5 81. Nd7
Bd4 82. Bg8 Bc3 83. Nf8 Be5 84. Bh7 Kh6 85. Bg6 Kg5 86. Ne6+
Kh6 87. Nc5 Kg5 88. Nd3 Bd4 89. Nf4 Be5 90. Ne2 Nb5 91. Ke3
Bh2 92. Bf7 Be5 93. Bc4 Nd6 94. Bd5 Bh2 95. Kf2 Be5 96. Nc1
Bd4+ 97. Kf3 Kh5 98. Nd3 Kg5 99. Ne1 Bc3 100. Nd3 Bd4 101. Be6
Bb6 102. Bd5 Bd4 103. Nf4 Be5 104. Ne6+ Kh5 105. Bb3 Bc3
106. Ke3 Be5 107. Bd1+ Kh6 108. Kf3 Kh5 109. Be2 Nf7 110. Nf8
Ng5+ 1/2-1/2

[Event "Baku Open"]
[Site "Baku AZE"]
[Date "2014.09.28"]
[EventDate "2014.09.22"]
[Round "7.11"]
[Result "1/2-1/2"]
[White "Namig Guliyev"]
[Black "Eltaj Safarli"]
[WhiteElo "2546"]
[BlackElo "2655"]
[PlyCount "45"]

1. e4 e5 2. Nf3 Nc6 3. Bb5 a6 4. Ba4 Nf6 5. O-O Be7 6. Re1 b5
7. Bb3 d6 8. c3 O-O 9. h3 Be6 10. d4 Bxb3 11. axb3 exd4
12. Nxd4 Nxd4 13. Qxd4 Re8 14. Nd2 Qc8 15. Nf3 Qe6 16. b4 c5
17. Qd3 cxb4 18. cxb4 d5 19. exd5 Qxd5 20. Qxd5 Nxd5 21. Bd2
f6 22. Re6 Bxb4 23. Raxa6 1/2-1/2

[Event "Qatar Masters"]
[Site "Doha QAT"]
[Date "2014.11.26"]
[EventDate "2014.11.26"]
[Round "1.38"]
[Result "1/2-1/2"]
[White "Noel Studer"]
[Black "Eltaj Safarli"]
[WhiteElo "2395"]
[BlackElo "2628"]
[PlyCount "79"]

1. e4 c5 2. Nf3 Nc6 3. d4 cxd4 4. Nxd4 e6 5. Nc3 Qc7 6. Be3
Nf6 7. f4 Bb4 8. Nb5 Qa5 9. e5 a6 10. Nd6+ Bxd6 11. Qxd6 Ne4
12. Qd3 Nxc3 13. Qxc3 Qxc3+ 14. bxc3 f6 15. exf6 gxf6 16. Be2
b5 17. Bc5 h5 18. Kf2 Bb7 19. a4 bxa4 20. Rhb1 Nd8 21. Rxa4
Rc8 22. Bd4 Ke7 23. Rab4 Bd5 24. Bxa6 Ra8 25. Bd3 Rg8 26. g3
h4 27. Rb8 Nf7 28. Rxa8 Bxa8 29. Rg1 hxg3+ 30. Rxg3 Rh8 31. h3
Rh4 32. Be3 Bc6 33. Bc1 f5 34. c4 d6 35. Bf1 e5 36. fxe5 dxe5
37. Rg6 Kd7 38. Rg7 Ke6 39. Rg6+ Kd7 40. Rg7 1/2-1/2

[Event "Nakhchivan Open"]
[Site "Nakhchivan AZE"]
[Date "2015.05.08"]
[EventDate "?"]
[Round "7"]
[Result "1/2-1/2"]
[White "Gadir Guseinov"]
[Black "Eltaj Safarli"]
[WhiteElo "2612"]
[BlackElo "2640"]
[PlyCount "35"]

1. e4 c5 2. Nf3 d6 3. Bb5+ Bd7 4. Bxd7+ Qxd7 5. c4 Nf6 6. Nc3
g6 7. O-O Bg7 8. d4 cxd4 9. Nxd4 O-O 10. f3 Rc8 11. b3 d5
12. exd5 Nxd5 13. Nxd5 e6 14. Bh6 exd5 15. Bxg7 Kxg7 16. cxd5
Qxd5 17. Ne2 Qc5+ 18. Qd4+ 1/2-1/2

[Event "Nakhchivan Open"]
[Site "Nakhchivan AZE"]
[Date "2015.05.10"]
[EventDate "?"]
[Round "9"]
[Result "1-0"]
[White "Eltaj Safarli"]
[Black "Pouya Idani"]
[WhiteElo "2640"]
[BlackElo "2526"]
[PlyCount "37"]

1. e4 c5 2. Nf3 d6 3. d4 cxd4 4. Nxd4 Nf6 5. Nc3 a6 6. Qf3 g6
7. h3 Bg7 8. Be3 Nbd7 9. g4 h6 10. O-O-O e5 11. Nb3 Qc7 12. h4
Nb6 13. g5 Nh5 14. Bb5+ Kf8 15. Rxd6 Qxd6 16. Bc5 Qxc5
17. Nxc5 axb5 18. Qd3 Ke7 19. Qxb5 1-0

[Event "World Rapid Championship"]
[Site "Berlin GER"]
[Date "2015.10.11"]
[EventDate "2015.10.10"]
[Round "10.33"]
[Result "1-0"]
[White "Eltaj Safarli"]
[Black "Andrei Shchekachev"]
[WhiteElo "2657"]
[BlackElo "2531"]
[PlyCount "77"]

1. e4 c5 2. Nf3 e6 3. Nc3 a6 4. g3 d6 5. Bg2 Nc6 6. O-O Nf6
7. d3 Be7 8. Ng5 h6 9. Nh3 g5 10. f4 gxf4 11. Bxf4 Ne5 12. Ne2
Bd7 13. c3 Qb6 14. d4 cxd4 15. cxd4 Bb5 16. Kh1 Bxe2 17. Qxe2
Qxd4 18. Rac1 Qd3 19. Qe1 Qb5 20. Nf2 Nfd7 21. Qc3 Bg5 22. Qd2
Qb6 23. Bxg5 hxg5 24. Qxg5 Kf8 25. Nh3 Rg8 26. Qh6+ Ke7
27. Qh4+ f6 28. Qh7+ Nf7 29. Nf4 Ne5 30. Qf5 exf5 31. Nd5+ Kf8
32. Nxb6 Re8 33. exf5 Ng4 34. Rc7 Ne3 35. Bd5 Ne5 36. Bxg8
Kxg8 37. Re1 Nd3 38. Re2 Re5 39. Nd7 1-0

[Event "World Rapid Championship"]
[Site "Berlin GER"]
[Date "2015.10.12"]
[EventDate "2015.10.10"]
[Round "13.22"]
[Result "1/2-1/2"]
[White "Eltaj Safarli"]
[Black "Alexey Dreev"]
[WhiteElo "2657"]
[BlackElo "2644"]
[PlyCount "168"]

1. e4 c6 2. d3 d5 3. Nd2 e5 4. Ngf3 Bd6 5. d4 exd4 6. exd5 Nf6
7. dxc6 Nxc6 8. Be2 O-O 9. O-O Bc7 10. Nb3 Bb6 11. Bg5 h6
12. Bh4 g5 13. Bg3 Ne4 14. Bd3 Nxg3 15. fxg3 Be6 16. Qd2 a5
17. a4 Nb4 18. Kh1 Nxd3 19. Qxd3 Rc8 20. Nbd2 Qd5 21. Ne4 f5
22. Ned2 Bf7 23. h4 Rfe8 24. hxg5 Re3 25. Qb5 Qxb5 26. axb5
hxg5 27. Nxg5 Bg6 28. c3 Rxg3 29. Ndf3 dxc3 30. bxc3 Be3
31. Nh3 f4 32. Rxa5 Bd3 33. Re1 Kg7 34. b6 Rh8 35. Rg5+ Rxg5
36. Nxg5 Kf6 37. Nf3 Be4 38. Kh2 Rc8 39. Nfg1 Kf5 40. Rf1 Bd3
41. Rf3 Rxc3 42. Nxf4 Be4 43. Nd5+ Bxf3 44. Nxc3 Bc6 45. Nf3
Bxb6 46. Kg3 Be3 47. Nd1 Bc5 48. Nc3 b6 49. Nh4+ Ke6 50. Kf4
Bd4 51. Ne4 b5 52. Nf3 Bb6 53. Ned2 b4 54. g4 Bd5 55. Ng5+ Ke7
56. Ke5 Bg8 57. Nge4 Be3 58. Nf1 Bb6 59. Nfd2 b3 60. Nc3 Ba5
61. Kd4 b2 62. Ndb1 Bh7 63. Kc4 Bc2 64. Na3 Bh7 65. Kb3 Kf6
66. Kxb2 Kg5 67. Nc4 Bd8 68. Ne3 Kf4 69. Ned5+ Kxg4 70. Kb3
Kf5 71. Ne3+ Ke6 72. Kc4 Bg5 73. Ned5 Ke5 74. Nb4 Bg8+ 75. Kd3
Bh6 76. Nc6+ Kd6 77. Nd4 Bh7+ 78. Kc4 Bg7 79. Ndb5+ Ke5
80. Nd4 Bg8+ 81. Kd3 Bh8 82. Nc6+ Kd6 83. Nd4 Kc5 84. Ne4+ Kb6
1/2-1/2

[Event "Tata Steel (Group B)"]
[Site "Wijk aan Zee NED"]
[Date "2016.01.19"]
[EventDate "2016.01.15"]
[Round "4"]
[Result "0-1"]
[White "Benjamin Bok"]
[Black "Eltaj Safarli"]
[WhiteElo "2607"]
[BlackElo "2653"]
[PlyCount "145"]

1. d4 Nf6 2. c4 e6 3. Nf3 Bb4+ 4. Nbd2 O-O 5. a3 Bxd2+ 6. Qxd2
a5 7. Qc2 d5 8. Bg5 a4 9. e3 c5 10. dxc5 Qa5+ 11. Qd2 Ne4
12. Qxa5 Rxa5 13. Bf4 Nd7 14. cxd5 exd5 15. Nd4 Nexc5 16. Rc1
Re8 17. Bb5 Nb3 18. Bxd7 Bxd7 19. Nxb3 axb3 20. Kd2 Bf5
21. Rc7 Rb5 22. Rhc1 Bc2 23. Be5 h6 24. Bd4 Ra8 25. Ra1 Bg6
26. f3 Ra4 27. Kc3 Bc2 28. g4 Ra8 29. h4 Kf8 30. Kd2 Kg8
31. Rg1 Ra6 32. Kc3 Ra4 33. Ra1 Ra6 34. Kd2 Ra8 35. Rxc2 bxc2
36. b4 Rc8 37. Kc1 Rc4 38. Ra2 h5 39. Rxc2 g5 40. Bf6 gxh4
41. Bxh4 hxg4 42. fxg4 f5 43. Rxc4 dxc4 44. gxf5 Rxf5 45. a4
Rd5 46. Bf6 Rd3 47. Bd4 Kf7 48. Kc2 Ke6 49. a5 Kd5 50. Bb6 Kc6
51. Bc5 Rb3 52. Kd2 Kb5 53. Kc2 Rd3 54. Kb2 Rd2+ 55. Kc3 Ra2
56. e4 Re2 57. Kd4 Rd2+ 58. Kc3 Rd3+ 59. Kb2 Kc6 60. Kc2 Rg3
61. Kd2 Rh3 62. Kc2 Rh4 63. e5 Kd5 64. Bg1 Rg4 65. Bc5 Rg2+
66. Kc3 Rg3+ 67. Kc2 Rb3 68. Bd6 Ra3 69. Bc7 Kd4 70. b5 c3
71. a6 bxa6 72. b6 Ra2+ 73. Kc1 0-1